000 00561nam a22001937a 4500
999 _c6453
_d6453
003 GBCCL
005 20241126110603.0
008 180515b ||||| |||| 00| 0 eng d
040 _cgbc
082 _a227.8407
_bPER
100 _aPerdue, Cary M.
_911552
245 _a2 Timothy and Titus explained /
_cCary M. Perdue
260 _aManila:
_bO.M.F. Publishers,
_c1975
300 _a107 p.;
_c22 cm.
440 _aChristian helps
_911555
650 _aBible
_vTimothy, 2nd
_xCommentaries
_911553
650 _aBible
_vTitus
_xCommentaries
_911554
942 _2ddc
_cBK
_02